|
|
|
|
| LEADER |
01513nam a2200385 a 4500 |
| 001 |
EBC489343 |
| 003 |
MiAaPQ |
| 005 |
20200520144314.0 |
| 006 |
m o d | |
| 007 |
cr cn||||||||| |
| 008 |
090220s2009 ne a sb 001 0 eng |
| 010 |
|
|
|z 2009007857
|
| 020 |
|
|
|z 9789004174627 (hardback : alk. paper)
|
| 020 |
|
|
|z 9004174621 (hardback : alk. paper)
|
| 035 |
|
|
|a (MiAaPQ)EBC489343
|
| 035 |
|
|
|a (Au-PeEL)EBL489343
|
| 035 |
|
|
|a (CaPaEBR)ebr10372609
|
| 035 |
|
|
|a (CaONFJC)MIL260187
|
| 035 |
|
|
|a (OCoLC)647892418
|
| 040 |
|
|
|a MiAaPQ
|c MiAaPQ
|d MiAaPQ
|
| 050 |
|
4 |
|a BM509.E27
|b O38 2009
|
| 082 |
0 |
4 |
|a 296.1/206
|2 22
|
| 100 |
1 |
|
|a Ohrenstein, Roman A.
|
| 245 |
1 |
0 |
|a Economic analysis in Talmudic literature
|h [electronic resource] :
|b rabbinic thought in the light of modern economics /
|c by Roman A. Ohrenstein and Barry L.J. Gordon.
|
| 250 |
|
|
|a 3rd rev. ed.
|
| 260 |
|
|
|a Leiden ;
|a Boston :
|b Brill,
|c 2009.
|
| 300 |
|
|
|a xviii, 232 p. :
|b ill.
|
| 504 |
|
|
|a Includes bibliographical references and indexes.
|
| 533 |
|
|
|a Electronic reproduction. Ann Arbor, MI : ProQuest, 2015. Available via World Wide Web. Access may be limited to ProQuest affiliated libraries.
|
| 630 |
0 |
0 |
|a Talmud
|x Criticism, interpretation, etc.
|
| 650 |
|
0 |
|a Economics
|x Religious aspects
|x Judaism.
|
| 655 |
|
4 |
|a Electronic books.
|
| 700 |
1 |
|
|a Gordon, Barry
|q (Barry Lewis John)
|
| 710 |
2 |
|
|a ProQuest (Firm)
|
| 856 |
4 |
0 |
|u https://ebookcentral.proquest.com/lib/matrademy/detail.action?docID=489343
|z Click to View
|